Foreign-Born Population: Vermont Quiz Stats

 Plays Quiz not verified by Sporcle

Challenge
Share
Tweet
Embed
Score 0/30 Timer 05:00
0 Plays Today
Number of Immigrants Country % Correct
882India
98.8%
5,601Canada
96.5%
493Russia
96.5%
1,263China
96.5%
811Mexico
96.5%
299France
95.3%
1,569Germany
95.3%
1,591UK
94.1%
206Italy
92.9%
245Brazil
92.9%
348Poland
91.8%
183Sweden
90.6%
661South Korea
90.6%
197Ireland
87.1%
194Japan
87.1%
Number of Immigrants Country % Correct
968Vietnam
87.1%
314Netherlands
82.4%
152Peru
82.4%
149Jamaica
80%
148Iraq
80%
169Switzerland
77.6%
618Philippines
77.6%
296Guatemala
74.1%
220Thailand
74.1%
176Guyana
69.4%
157Taiwan
67.1%
148Ghana
57.6%
200Kenya
52.9%
401Nepal
50.6%
865Bosnia and Herzegovina
43.5%

You're not logged in!

Compare scores with friends on all Sporcle quizzes.
Join for Free
OR
Log In

You Might Also Like...

Show Comments

Extras

Top Quizzes Today


Score Distribution

Your Account Isn't Verified!

In order to create a playlist on Sporcle, you need to verify the email address you used during registration. Go to your Sporcle Settings to finish the process.

Report this User

Report this user for behavior that violates our Community Guidelines.

Details: